Neptuno Sociedad anónima para la perforacion de pozos artesianos constituida por escritura de 30 de Marzo de 1880 con arreglo à la ley de 19 de Octubre de 1869 (Record no. 160614)

MARC details
000 -LEADER
campo de control de longitud fija 01069nam a2200217 i 4500
001 - NÚMERO DE CONTROL
campo de control 160614
003 - IDENTIFICADOR DE NÚMERO DE CONTROL
campo de control ES-MaACL
005 - FECHA Y HORA DE LA ÚLTIMA TRANSACCIÓN
campo de control 20250902084029.0
008 - DATOS DE LONGITUD FIJA--INFORMACIÓN GENERAL
campo de control de longitud fija 041026s1881 sp |||| | spa d
040 ## - FUENTE DE CATALOGACIÓN
Centro catalogador/agencia de origen CAM
Lengua de catalogación spa
Centro/agencia transcriptor CAM
245 00 - MENCIÓN DEL TÍTULO
Título Neptuno Sociedad anónima para la perforacion de pozos artesianos constituida por escritura de 30 de Marzo de 1880 con arreglo à la ley de 19 de Octubre de 1869
Resto del título : código de comercio y demás disposiciones vigentes en la materia.
260 ## - PUBLICACIÓN, DISTRIBUCIÓN, ETC.
Lugar de publicación, distribución, etc. Alcoy :
Nombre del editor, distribuidor, etc. [s.n.],
Fecha de publicación, distribución, etc. 1881 (
Fabricante Imprenta de El Serpis)
300 ## - DESCRIPCIÓN FÍSICA
Extensión 21 p. ;
Dimensiones 22 p.
505 8# - NOTA DE CONTENIDO CON FORMATO
Nota de contenido con formato Contiene: Memoria referente al año 1880 leida por el Presidente de la misma Luis Perez Juliá en la Junta general ordinaria de 18 de Enero de 1881
700 11 - ENTRADA AGREGADA--NOMBRE PERSONAL
Nombre de persona Perez Juliá, Luis.
9 (RLIN) 131010
710 21 - ENTRADA AGREGADA--NOMBRE DE ENTIDAD CORPORATIVA
Nombre de entidad corporativa o nombre de jurisdicción como elemento de entrada Neptuno, Sociedad Anónima para la perforación de pozos artesianos
9 (RLIN) 134719
852 ## - LOCALIZACIÓN
Ubicación ES-MaACL
Número de control de estantería T-374-F-5
Nota libre -- Enc. hol.
condición física -- Falto de la cub. original
Nota libre -- Enc. en un vol. facticio
852 ## - LOCALIZACIÓN
Ubicación ES-MaACL
Número de control de estantería T-373-F-15
942 ## - ELEMENTOS DE ENTRADA SECUNDARIOS (KOHA)
Fuente del sistema de clasificación o colocación Clasificación decimal universal
Holdings
Estatus retirado Estado de pérdida Estado de daño No para préstamo Colección Biblioteca de origen Biblioteca actual Ubicación en estantería Fecha de adquisición Fuente de adquisición Total de préstamos Signatura topográfica completa Código de barras Visto por última vez Precio de reemplazo Tipo de ítem Koha
        Colección de folletos Biblioteca del Ateneo de Madrid Biblioteca del Ateneo de Madrid Depósito folletos 07/05/2005     T-373-F-15 1201869 23/02/2023 23/02/2023 Folleto
        Colección de folletos Biblioteca del Ateneo de Madrid Biblioteca del Ateneo de Madrid Depósito folletos 17/01/2008     T-374-F-5 1168175 23/02/2023 23/02/2023 Folleto